000 00793nam a2200217 a 4500
003 DLC
005 20210219152719.0
022 _a0045-0685
035 _aUPN01000059448
245 0 0 _aAUSTRALIAN MATHEMATICS TEACHER
260 _aAustralia,
_bAustralian Association of Mathematics Teachers
_c1945
310 _aTrimestral
521 _aTiene como objetivo servir como medio para intercambio de ideas y experiencias en la enseñanza de las matemáticas elementales y para la instrucción de maestros en las tendencias y desarrollo de la educación matemática
653 0 _aMATEMATICA
653 0 _aMETODOS DE ENSEÑANZA
653 0 _aCURRICULUM
653 0 _aINSTRUCCION
905 _aRevista
999 _c59429
_d59429